000
00186nam a2200085 4500
001
1258654
005
20260313135938.0
245
_a
İNTİKAM
_c
KAHRAMAN TAZEOGLU
260
_b
DESTEK YAYINLARI
999
_c
1258654
_d
1258654